Немецко-русский наглядный словарь: пер. с англ.

Մատենագիտական մանրամասներ
Ամփոփում:Иллюстрации помогают наилучшим образом понять и сохранить в памяти информацию. Словарь содержит иллюстрации к большому количеству современной лексики, используемой в немецком и русском языках. Разделенный потематическому принципу словарь охватывает наиболее употребительную ежедневную лексику, которая нужна буквально везде — в ресторане, в спортивном зале, дома, на рабочем месте, на улице и даже в царстве животных. Вы найдете в нем также полезные фразы для расширения своего словарного запаса. Данный словарь станет необходимым инструментом в общении для каждого человека, интересующегося немецким языком, — удобным, красивым, информативным и легким в использовании.
Լեզու:գերմաներեն
ռուսերեն
Հրապարակվել է: Москва, АСТ, 2007
Խորագրեր:
Ձևաչափ: MixedMaterials Գիրք
KOHA link:https://koha.lib.tpu.ru/cgi-bin/koha/opac-detail.pl?biblionumber=121143

MARC

LEADER 00000nam0a2200000 4500
001 121143
005 20231031125312.0
010 |a 9785170388257 
010 |a 978-5-271-14613-8 
035 |a (RuTPU)RU\TPU\book\131169 
090 |a 121143 
100 |a 20070911d2007 m y0rusy50 ca 
101 1 |a ger  |a rus  |c eng 
102 |a RU 
105 |a a e 001zy 
200 1 |a Немецко-русский наглядный словарь  |e пер. с англ. 
210 |a Москва  |c АСТ  |c Астрель  |d 2007 
215 |a 360 с.  |c ил. 
320 |a Указатели: с. 324-359. 
330 |a Иллюстрации помогают наилучшим образом понять и сохранить в памяти информацию. Словарь содержит иллюстрации к большому количеству современной лексики, используемой в немецком и русском языках. Разделенный потематическому принципу словарь охватывает наиболее употребительную ежедневную лексику, которая нужна буквально везде — в ресторане, в спортивном зале, дома, на рабочем месте, на улице и даже в царстве животных. Вы найдете в нем также полезные фразы для расширения своего словарного запаса. Данный словарь станет необходимым инструментом в общении для каждого человека, интересующегося немецким языком, — удобным, красивым, информативным и легким в использовании. 
610 1 |a немецкий язык 
610 1 |a русский язык 
610 1 |a лексика 
610 1 |a словари 
610 1 |a иллюстрированные словари 
686 |a Ш143.24-4  |v LBC/SL-A  |2 rubbk 
801 1 |a RU  |b 63413507  |c 20070911  |g PSBO 
801 2 |a RU  |b 63413507  |c 20110916  |g PSBO 
942 |c BK 
959 |a 55/20070911  |d 1  |e 665,83  |f ЧЗИЛ:1